000 00918ngm a22003610a 4500
001 PT47320
003 AR-LpoUNG
005 20210202000011.0
007 vd cvaizq
008 191001s2008||||ag |||||||||||||||||eng d
040 _aAR-LpoUNG
_bspa
_cAR-LpoUNG
_eaacr
041 _aeng
_afre
_aspa
044 _aag
082 0 _a307.72 279v40
100 1 _aPeckinpah, Sam
_edir.
245 1 0 _aPat Garret y Billy the Kid
260 _aSan Luis :
_bAVH,
_c2008.
300 _aDVD (115 min.) : col., son.
505 0 _aHecha en 1973. Subtitulada en castellano.
650 4 _aCOMUNIDADES RURALES
650 4 _aJUSTICIA
650 4 _aORO
650 4 _aPELICULAS
650 4 _aRELACIONES PERSONALES
651 4 _aDOCUMENTOS TEORICOS O METODOLOGICOS
653 _aACCION
653 _aCINE ESTADOUNIDENSE
653 _aDVD
653 _aVIDEOS
653 _aWESTERN
905 _a47320
942 _cDVD
999 _c53943
_d53943